<?xml version="1.0" encoding="UTF-8"?>
<collection xmlns="http://www.loc.gov/MARC21/slim">
 <record>
  <leader>04336ntm a22005657i 4500</leader>
  <controlfield tag="001">000225097</controlfield>
  <controlfield tag="003">CZ-PrVSE</controlfield>
  <controlfield tag="005">20210619205335.0</controlfield>
  <controlfield tag="006">m        d</controlfield>
  <controlfield tag="007">cr n||||||||||</controlfield>
  <controlfield tag="008">210619s2021    xr     fsbm   000 0 cze d</controlfield>
  <datafield tag="STA" ind1=" " ind2=" ">
   <subfield code="a">NEZPRACOVANÝ IMPORT</subfield>
  </datafield>
  <datafield tag="040" ind1=" " ind2=" ">
   <subfield code="a">ABA006</subfield>
   <subfield code="b">cze</subfield>
   <subfield code="c">ABA006</subfield>
   <subfield code="d">ABA006</subfield>
   <subfield code="e">rda</subfield>
  </datafield>
  <datafield tag="100" ind1="1" ind2=" ">
   <subfield code="a">Bukáček, Michal</subfield>
   <subfield code="%">ISIS:140572</subfield>
   <subfield code="4">dis</subfield>
  </datafield>
  <datafield tag="242" ind1="1" ind2="0">
   <subfield code="a">Statistical analysis and multidimensional methods in MS Excel</subfield>
   <subfield code="y">eng</subfield>
  </datafield>
  <datafield tag="245" ind1="1" ind2="0">
   <subfield code="a">Statistická analýza a vícerozměrné metody v MS Excel /</subfield>
   <subfield code="c">Michal Bukáček</subfield>
  </datafield>
  <datafield tag="264" ind1=" " ind2="0">
   <subfield code="c">2021</subfield>
  </datafield>
  <datafield tag="300" ind1=" " ind2=" ">
   <subfield code="a">?? stran :</subfield>
   <subfield code="3">digital, PDF soubor</subfield>
  </datafield>
  <datafield tag="500" ind1=" " ind2=" ">
   <subfield code="a">Vedoucí práce: Tomáš Löster</subfield>
  </datafield>
  <datafield tag="502" ind1=" " ind2=" ">
   <subfield code="a">Bakalářská práce (Bc.)—Vysoká škola ekonomická v Praze. Fakulta informatiky a statistiky, 2021</subfield>
  </datafield>
  <datafield tag="504" ind1=" " ind2=" ">
   <subfield code="a">Obsahuje bibliografii</subfield>
  </datafield>
  <datafield tag="516" ind1=" " ind2=" ">
   <subfield code="a">Textový (vysokoškolská kvalifikační práce)</subfield>
  </datafield>
  <datafield tag="518" ind1=" " ind2=" ">
   <subfield code="a">Rok obhajoby 2021</subfield>
  </datafield>
  <datafield tag="520" ind1="3" ind2=" ">
   <subfield code="a">Výstupem této práce je aplikace v MS Excel, která umožňuje zpracování vybraných statistických testů, které se objevují v předmětech statistické metody 1 a statistické metody 2 na VŠE v Praze tak, aby byl vidět postup výpočtu všech úloh a dokáže sám navrhnout vhodný test pro dané zadání. Touto aplikací je soubor Stat_pomocnik.xlsm. Aplikace umožňuje řešení úloh pomocí vybraných testů a metod jednorozměrné analýzy kvantitativní proměnné, jednorozměrné analýzy kvalitativní proměnné, dvourozměrné analýzy kvantitativních proměnných, dvourozměrné analýzy kvalitativních proměnných, dvourozměrné analýzy kvalitativní a kvantitativní proměnné, vícerozměrné analýzy kvalitativních proměnných a vícerozměrné analýzy kvalitativní a kvantitativní proměnné. Konkrétně to je popisná statistika kvantitativní proměnné, popisná statistika kvalitativní proměnné, jednovýběrový t-test, test o parametru π alternativního rozdělení, Kolmogoro-Smirnovův test, korelační analýza, regresní analýza, celkový F-test, dílčí t-testy, McNemarův test, chí-kvadrát test nezávislosti v kontingenční tabulce, Fisherův exaktní test, párový t-test, Wilcoxonův test, dvouvýběrový t-test, Mann-Whitneyův test, Cochranův test, Friedmanův test, analýza rozptylu (ANOVA), Bartlettův test a Kruskal-Wallisův test. Pro aplikaci testů se v souboru využívají vzorce typu R1C1, vzorce typu Array, formuláře, makra a vlastní kód ve VBA. Soubor se dá používat ve verzích MS Excel 365. Aplikace se dá využít hlavně jako pomůcka při výuce statistických metod, jelikož explicitně ukazuje celý postup výpočtu, což jí odlišuje od ostatních statistických aplikací. Funguje tak, že se vloží soubor dat do souboru, dále se vyberou proměnné, které jsou předmětem analýzy a vybere se tlačítko ‘Automatický výběr testu’. Aplikace poté navrhne vhodný test na zákl</subfield>
  </datafield>
  <datafield tag="520" ind1="8" ind2=" ">
   <subfield code="a">lsm je součástí této práce také textový soubor obsahující popis všech vybraných metod a ukázka všech testů v souboru a popis, jak je spustit.</subfield>
  </datafield>
  <datafield tag="538" ind1=" " ind2=" ">
   <subfield code="a">Způsob přístupu: Internet</subfield>
  </datafield>
  <datafield tag="653" ind1="0" ind2=" ">
   <subfield code="a">statistické metody v ekonomii [obor bakal. práce]</subfield>
  </datafield>
  <datafield tag="655" ind1=" " ind2="7">
   <subfield code="a">bakalářské práce</subfield>
   <subfield code="7">fd132403</subfield>
   <subfield code="2">czenas</subfield>
  </datafield>
  <datafield tag="655" ind1=" " ind2="9">
   <subfield code="a">bachelor's theses</subfield>
   <subfield code="2">eczenas</subfield>
  </datafield>
  <datafield tag="690" ind1=" " ind2=" ">
   <subfield code="a">alternativní hypotéza</subfield>
  </datafield>
  <datafield tag="690" ind1=" " ind2=" ">
   <subfield code="a">nulová hypotéza</subfield>
  </datafield>
  <datafield tag="690" ind1=" " ind2=" ">
   <subfield code="a">hladina významnosti</subfield>
  </datafield>
  <datafield tag="690" ind1=" " ind2=" ">
   <subfield code="a">testové kritérium</subfield>
  </datafield>
  <datafield tag="690" ind1=" " ind2=" ">
   <subfield code="a">kritický obor</subfield>
  </datafield>
  <datafield tag="690" ind1=" " ind2=" ">
   <subfield code="a">kritická hodnota</subfield>
  </datafield>
  <datafield tag="690" ind1=" " ind2=" ">
   <subfield code="a">MS Excel</subfield>
  </datafield>
  <datafield tag="700" ind1="1" ind2=" ">
   <subfield code="a">Löster, Tomáš,</subfield>
   <subfield code="d">1980-</subfield>
   <subfield code="7">mzk2009512833</subfield>
   <subfield code="4">ths</subfield>
  </datafield>
  <datafield tag="700" ind1="1" ind2=" ">
   <subfield code="a">Bílková, Diana</subfield>
   <subfield code="7">mzk2004248684</subfield>
   <subfield code="4">opn</subfield>
  </datafield>
  <datafield tag="710" ind1="2" ind2=" ">
   <subfield code="a">Vysoká škola ekonomická v Praze.</subfield>
   <subfield code="b">Fakulta informatiky a statistiky</subfield>
   <subfield code="7">kn20010709399</subfield>
   <subfield code="4">dgg</subfield>
  </datafield>
  <datafield tag="856" ind1="4" ind2="0">
   <subfield code="u">https://insis.vse.cz/zp/74169/podrobnosti</subfield>
   <subfield code="y">VŠKP v InSIS</subfield>
  </datafield>
  <datafield tag="856" ind1="4" ind2="0">
   <subfield code="u">https://insis.vse.cz/zp/74169</subfield>
   <subfield code="y">Hlavní práce</subfield>
  </datafield>
  <datafield tag="856" ind1="4" ind2="0">
   <subfield code="u">https://insis.vse.cz/zp/74169/posudek/vedouci</subfield>
   <subfield code="y">Hodnocení vedoucího</subfield>
  </datafield>
  <datafield tag="856" ind1="4" ind2="0">
   <subfield code="u">https://insis.vse.cz/zp/74169/posudek/oponent/70096</subfield>
   <subfield code="y">Oponentura</subfield>
  </datafield>
  <datafield tag="856" ind1="4" ind2="0">
   <subfield code="u">https://insis.vse.cz/zp/74169/priloha/22119</subfield>
   <subfield code="y">Přiloha k práci</subfield>
  </datafield>
  <datafield tag="999" ind1="4" ind2="0">
   <subfield code="u">https://insis.vse.cz/zp/74169/podrobnosti</subfield>
   <subfield code="y">dc:identifier</subfield>
  </datafield>
  <datafield tag="993" ind1=" " ind2=" ">
   <subfield code="x">NEPOSILAT</subfield>
   <subfield code="y">VSKP</subfield>
  </datafield>
  <datafield tag="999" ind1="4" ind2="9">
   <subfield code="a">vse74169</subfield>
   <subfield code="b">210615</subfield>
  </datafield>
  <datafield tag="999" ind1="4" ind2="5">
   <subfield code="x">74169</subfield>
  </datafield>
 </record>
</collection>
